<?xml version="1.0" encoding="UTF-8"?>
<record
    xmlns:xsi="http://www.w3.org/2001/XMLSchema-instance"
    xsi:schemaLocation="http://www.loc.gov/MARC21/slim http://www.loc.gov/standards/marcxml/schema/MARC21slim.xsd"
    xmlns="http://www.loc.gov/MARC21/slim">

  <leader>02482agaaa2200349   4500</leader>
  <controlfield tag="001">8930</controlfield>
  <controlfield tag="003">IT-RoPAU</controlfield>
  <controlfield tag="005">20220918181233.0</controlfield>
  <controlfield tag="007">d cvaizq</controlfield>
  <controlfield tag="008">50131s9999||||xx ||| |     ||   ||und||</controlfield>
  <datafield tag="040" ind1=" " ind2=" ">
    <subfield code="a">IT-RoPAU</subfield>
    <subfield code="c">IT-RoPAU</subfield>
  </datafield>
  <datafield tag="041" ind1=" " ind2=" ">
    <subfield code="a">ITALIANO</subfield>
  </datafield>
  <datafield tag="100" ind1=" " ind2=" ">
    <subfield code="a">Annakin Ken</subfield>
    <subfield code="g">Codice regista SPICS: 58574</subfield>
    <subfield code="9">41529</subfield>
  </datafield>
  <datafield tag="130" ind1=" " ind2=" ">
    <subfield code="a">QUEI TEMERARI SULLE MACCHINE VOLANTI</subfield>
    <subfield code="9">41530</subfield>
  </datafield>
  <datafield tag="240" ind1=" " ind2=" ">
    <subfield code="a">THOSE MAGNIFICENT MEN IN THEIR FLYING MACHINES OR HOW I FLEW FROM LONDON TO PARIS IN 25 HOURS AND 11 MINUTES</subfield>
    <subfield code="g">T3800</subfield>
  </datafield>
  <datafield tag="245" ind1=" " ind2=" ">
    <subfield code="a">QUEI TEMERARI SULLE MACCHINE VOLANTI</subfield>
    <subfield code="c">Prodotto da: Annakin Ken -- Sceneggiatura: Annakin Ken Davies Jack -- Diretto da: Annakin Ken</subfield>
    <subfield code="p">QUEI TEMERARI SULLE MACCHINE VOLANTI (Rif. Codice opera principale : H8930)</subfield>
  </datafield>
  <datafield tag="246" ind1=" " ind2=" ">
    <subfield code="a">THOSE MAGNIFICENT MEN IN THEIR FLYING MACHINES OR HOW I FLEW FROM LONDON TO PARIS IN 25 HOURS AND 11 MINUTES</subfield>
  </datafield>
  <datafield tag="250" ind1=" " ind2=" ">
    <subfield code="a">Edizione Standard</subfield>
  </datafield>
  <datafield tag="260" ind1=" " ind2=" ">
    <subfield code="a">USA (UK)</subfield>
    <subfield code="b">20TH CENTURY FOX / Distribuzione: VAIRE</subfield>
    <subfield code="g">"1965 (1&#xB0; ed.: 2009 ; Ed. Lingua Orig.: 1965)"</subfield>
  </datafield>
  <datafield tag="300" ind1=" " ind2=" ">
    <subfield code="a">DVD</subfield>
    <subfield code="b">sonoro, col.</subfield>
    <subfield code="c">132 minuti</subfield>
  </datafield>
  <datafield tag="508" ind1=" " ind2=" ">
    <subfield code="a">"Fotografia: Challis Chrispopher; Montaggio: Stone G. Coates A.; Musica: Goodwin Ron; Sceneggiatura: Annakin Ken Davies Jack; Scenografia: Morahan Thomas N.; Soggetto: Annakin Ken -- Davies Jack"</subfield>
  </datafield>
  <datafield tag="511" ind1=" " ind2=" ">
    <subfield code="a">"Whitman Stuart; Miles Sat&#x8D;Rah; Fox James; Sordi Alberto; Morley Robert; Frobe Gert"</subfield>
  </datafield>
  <datafield tag="520" ind1=" " ind2=" ">
    <subfield code="a">"PATRICIA RAWNSLEY E RICHARD MAYS, UNITI DA RECIPROCO AFFETTO E DAL COMUNE AMORE PER IL VOLO, CONVINCONO LORD RAWNSLEY AD ORGANIZZARE LA TRASVOLATA DELLA MANICA, DA LONDRA A PARIGI; IL PRIMO ARRIVATO AVRA' 50.000 DOLLARI IN PREMIO. ALLETTATI ALCUNI DALLA COSPICUA SOMMA, ALTRI SPINTI DALLA PASSIONE PER IL NUOVO SPORT AVIATORIO, DA OGNI PARTE DEL MONDO CONVENGONO I CONCORRENTI E LE LORO PIONIERITICHE MACCHINE VOLANTI. LE PROVE DELLA TRASVOLATA SONOMOVIMENTATE DA UNA QUANTITA' DI INCIDENTI E COMICHE SITUAZIONI. A PARIGI GIUNGE PER PRIMO RICHARD, SEGUITO DA NEWTON, ATTARDATOSI GENEROSAMENTE PER SALVARE IL CONCORRENTE ITALIANO."</subfield>
  </datafield>
  <datafield tag="538" ind1=" " ind2=" ">
    <subfield code="a">PAL, STEREO</subfield>
  </datafield>
  <datafield tag="546" ind1=" " ind2=" ">
    <subfield code="a">ITALIANO</subfield>
  </datafield>
  <datafield tag="650" ind1=" " ind2=" ">
    <subfield code="a">COMMEDIA</subfield>
    <subfield code="e">DVD-FILM [DVD]</subfield>
    <subfield code="x">Codice MATERIA SPICS: 9947</subfield>
    <subfield code="9">36668</subfield>
  </datafield>
  <datafield tag="700" ind1=" " ind2=" ">
    <subfield code="a">Annakin Ken </subfield>
    <subfield code="e">(regista)</subfield>
    <subfield code="g">Codice regista SPICS: 58574</subfield>
    <subfield code="9">41531</subfield>
  </datafield>
  <datafield tag="700" ind1=" " ind2=" ">
    <subfield code="a">Annakin Ken </subfield>
    <subfield code="e">(soggetto)</subfield>
    <subfield code="g">Codice Soggetto SPICS: 58574</subfield>
    <subfield code="9">41532</subfield>
  </datafield>
  <datafield tag="700" ind1=" " ind2=" ">
    <subfield code="a">Davies Jack </subfield>
    <subfield code="e">(soggetto)</subfield>
    <subfield code="g">Codice Soggetto 2&#xB0; SPICS: 59559</subfield>
    <subfield code="9">41533</subfield>
  </datafield>
  <datafield tag="700" ind1=" " ind2=" ">
    <subfield code="a">Goodwin Ron</subfield>
    <subfield code="e">(musica)</subfield>
    <subfield code="g">Codice Musica SPICS: 58740</subfield>
    <subfield code="9">41534</subfield>
  </datafield>
  <datafield tag="942" ind1=" " ind2=" ">
    <subfield code="c">DV</subfield>
    <subfield code="2">ddc</subfield>
  </datafield>
  <datafield tag="999" ind1=" " ind2=" ">
    <subfield code="c">105459</subfield>
    <subfield code="d">105459</subfield>
  </datafield>
  <datafield tag="952" ind1=" " ind2=" ">
    <subfield code="0">0</subfield>
    <subfield code="1">0</subfield>
    <subfield code="4">0</subfield>
    <subfield code="6">H_8930_000000000000000</subfield>
    <subfield code="7">1</subfield>
    <subfield code="a">SPICS</subfield>
    <subfield code="b">SPICS</subfield>
    <subfield code="d">2015-01-31</subfield>
    <subfield code="l">0</subfield>
    <subfield code="o">H8930</subfield>
    <subfield code="r">2015-01-31 00:00:00</subfield>
    <subfield code="w">2015-01-31</subfield>
    <subfield code="y">DV</subfield>
    <subfield code="z">Progr. Ins.: 3836 / N.Vol.:1 / Copie: 1 / Pag.:0 / Copia rara: n.d. / date import: 1.2.2015 / By Epidotti, Trombetti, Vaglietti</subfield>
  </datafield>
</record>
